000 01106cam a22002772 4500
001 0000025246
005 20151217145955.0
008 150330s xx 000 0 eng d
020 _a9350281619 :
040 _aKABU
_cKABU
100 1 _aMalik, Surendra.
_@0000185738
245 1 0 _aSupreme court on contempt of court :
_bwith relevant statutory law /
_cby Surendra Malik, Sudeep Malik.
260 _aLucknoe :
_bEastern Book Company,
_c2011.
300 _a188 p.
650 0 _aIndia supreme court
_xRules and practice.
_@0000185739
650 0 _aCourts of last resort
_zIndia.
_@0000185740
650 0 _aCourt rules
_zIndia.
_@0000185741
700 1 _aSudeep, Malik.
_@0000185742
852 1 _9p4600 KES
852 1 _9p4600 KES
852 1 _9p4600 KES
852 1 _9p4600 KES
852 1 _9p4600 KES
908 _a150330
950 _@1
999 _c4654
_d4654